Statistics for Country Transits: Closest Countries to Uganda by Starting Letter

Click here to take the quiz!

General Stats

  • This quiz has been taken 149 times
  • The average score is 20 of 24

Answer Stats

Letter Country % Correct
EEthiopia (2)
94%
KKenya (1)
94%
BBurundi (2)
93%
RRwanda (1)
92%
QQatar (7)
92%
OOman (7)
92%
YYemen (7)
92%
ZZambia (2)
92%
DDemocratic Republic of the Congo (1)
91%
AAngola (2)
90%
TTanzania (1)
89%
MMalawi-Mozambique (2)
89%
CCentral African Republic (2)
85%
SSouth Sudan (1)
83%
NNamibia (3)
83%
GGabon (3)
81%
JJordan (5)
80%
VVatican City-Venezuela (9)
76%
UUnited Arab Emirates-United Kingdom (7)
76%
LLibya (3)
76%
FFrance (7)
76%
IIsrael (4)
76%
HHungary (9)
73%
PPortugal (7)
47%

Score Distribution

Percentile by Number Answered

Percent of People with Each Score

Your Score History

You have not taken this quiz